Daňové aspekty cezhraničného cash poolingu
Charakteristika cash poolingu. Toky finančných prostriedkov v hotovostnom združení. Pravidlá zdanenia príjmov v situácii cezhraničného cash poolingu.
Enregistré dans:
| Auteur principal: | |
|---|---|
| Format: | Chapitre de livre |
| Langue: | slovaque |
| Sujets: | |
| Tags: |
Pas de tags, Soyez le premier à ajouter un tag!
|
MARC
| LEADER | 00000nla a2200000 4500 | ||
|---|---|---|---|
| 001 | 0164775 | ||
| 005 | 20240506113246.0 | ||
| 041 | 0 | |a slo | |
| 044 | |a SK | ||
| 245 | 1 | 0 | |a Daňové aspekty cezhraničného cash poolingu |c Jana Kubicová |
| 520 | |a Charakteristika cash poolingu. Toky finančných prostriedkov v hotovostnom združení. Pravidlá zdanenia príjmov v situácii cezhraničného cash poolingu. | ||
| 610 | 2 | 0 | |a dane z príjmov |
| 610 | 2 | 0 | |a zdaňovanie |
| 610 | 2 | 0 | |a združenia podnikov |
| 610 | 2 | 0 | |a financie |
| 610 | 2 | 0 | |a spolupráca cezhraničná |
| 610 | 2 | 0 | |a spolupráca medzinárodná |
| 100 | 1 | |a Kubicová, Jana, 1961- | |